| 000 | 00471nam a2200193Ia 4500 | ||
|---|---|---|---|
| 008 | 170203s9999 xx 000 0 und d | ||
| 020 | _a1865034010 | ||
| 050 | _aFic | ||
| 050 | _bA862 | ||
| 100 | _aHi-5 (Musical group) | ||
| 245 | _aAt the beach / | ||
| 260 | _aNoble Park, Vic. : | ||
| 260 | _bFive Mile Press, | ||
| 260 | _c2000 | ||
| 300 | _a24 pages : | ||
| 300 | _bcolor illustrations ; | ||
| 300 | _c21 cm | ||
| 440 | _aSharing stories book & tape. | ||
| 999 |
_c306486 _d306486 |
||